Evolúcia v outsourcingu podnikových procesov - od transakčného k strategickému BPO
Vymedzenie pojmu Biznis proces outsourcing (BPO). BPO ako hybná sila k procesnej excelencii. BPO a inovácie. BPO a podpora transformácie podniku. Kľúčové organizačné faktory pre implementáciu BPO.
Salvato in:
| Autore principale: | |
|---|---|
| Natura: | Capitolo di libro |
| Lingua: | slovacco |
| Soggetti: | |
| Tags: |
Nessun Tag, puoi essere il primo ad aggiungerne!!
|
MARC
| LEADER | 00000naa$a2200000$$$4500 | ||
|---|---|---|---|
| 001 | 0066868 | ||
| 005 | 20230929122005.1 | ||
| 041 | 0 | |a slo | |
| 044 | |a SK | ||
| 245 | 1 | 0 | |a Evolúcia v outsourcingu podnikových procesov - od transakčného k strategickému BPO |c Michal Bodnár |
| 520 | |a Vymedzenie pojmu Biznis proces outsourcing (BPO). BPO ako hybná sila k procesnej excelencii. BPO a inovácie. BPO a podpora transformácie podniku. Kľúčové organizačné faktory pre implementáciu BPO. | ||
| 610 | 2 | 0 | |a outsourcing |
| 610 | 2 | 0 | |a riadenie podnikové |
| 610 | 2 | 0 | |a procesy podnikové |
| 610 | 2 | 0 | |a riadenie finančné |
| 610 | 2 | 0 | |a riadenie strategické |
| 100 | 1 | |a Bodnár, Michal | |